Implementation of the UN Sustainable Development Goals: The Role and Place of Slovakia
Ciele trvalo udržateľného rozvoja zahŕňajú široké spektrum problémov, ktorým čelia rozvojové aj rozvinuté krajiny. Skúmanie úlohy a miesta Slovenska pri plnení cieľov OSN v oblasti trvalo udržateľného rozvoja na obdobie do roku 2030. Na základe oficiálnych dokumentov orgánov a inštitúcií zodpovednýc...
Gespeichert in:
| 1. Verfasser: | |
|---|---|
| Format: | Buchkapitel |
| Sprache: | Russisch |
| Schlagworte: | |
| Tags: |
Keine Tags, Fügen Sie das erste Tag hinzu!
|
MARC
| LEADER | 00000naa$a2200000$$$4500 | ||
|---|---|---|---|
| 001 | 0258065 | ||
| 005 | 20240502083732.1 | ||
| 041 | 0 | |a rus | |
| 044 | |a PL | ||
| 245 | 1 | 0 | |a Implementation of the UN Sustainable Development Goals: The Role and Place of Slovakia |c Tetyana Zubro |
| 520 | |a Ciele trvalo udržateľného rozvoja zahŕňajú široké spektrum problémov, ktorým čelia rozvojové aj rozvinuté krajiny. Skúmanie úlohy a miesta Slovenska pri plnení cieľov OSN v oblasti trvalo udržateľného rozvoja na obdobie do roku 2030. Na základe oficiálnych dokumentov orgánov a inštitúcií zodpovedných za implementáciu cieľov, je oblasť prírody Slovenska považovaná v strednodobom horizonte za oblasť trvalo udržateľného rozvoja, ktorý chce krajina implementovať v domácej a zahraničnej politike. | ||
| 610 | 2 | 0 | |a politika vnútorná |
| 610 | 2 | 0 | |a Slovensko |
| 610 | 2 | 0 | |a príroda |
| 610 | 2 | 0 | |a politika zahraničná |
| 100 | 1 | |a Zubro, Tetyana, 1975- | |